Biblioteca

Four views on creation, evolution, and intelligent design (Registro nro. 64245)

Detalles MARC
000 -LÍDER
Campo fijo de descripción fija 01474nam a22003854i 4500
001 - NÚMERO DE CONTROL
Campo de control 975364700
003 - IDENTIFICADOR DEL NÚMERO DE CONTROL
Campo de control CO-MdFUSB
005 - FECHA Y HORA DE LA ULTIMA TRANSACCIÓN
control field 20180316065723.0
008 - ELEMENTOS DE LONGITUD FIJA -- INFORMACIÓN GENERAL
Campo fijo de descripción fija -- Información general 170310t20172017miua g b 000 0 eng d
020 ## - NÚMERO INTERNACIONAL NORMALIZADO PARA LIBROS
Número Internacional Normalizado del libro 9780310080978 (pbk.)
020 ## - NÚMERO INTERNACIONAL NORMALIZADO PARA LIBROS
Número Internacional Normalizado del libro 0310080975 (pbk.)
040 ## - FUENTE DE CATALOGACIÓN
Agencia de catalogación original BTCTA
Idioma de catalogación spa
Convenciones de la descripción rda
Agencia que realiza la transcripción CO-MdFUSB
Agencia que realiza la modificación CO-MdFUSB
-- CACWT
-- OCLCF
-- LNT
-- IUL
-- CDC
-- NhCcYME
041 ## - CÓDIGO DE IDIOMA
Código de idioma para texto/pista de sonido o título separado eng
082 ## - NÚMERO DE CLASIFICACIÓN DECIMAL DEWEY
Número de la edición del Dewey 24
Número de clasificación G 261.55
Clave de autor-Numero de item H198f
100 1# - ASIENTO PRINCIPAL--NOMBRE PERSONAL
Nombre personal Ham, Ken,
Término relacionador autor
242 00 - TRADUCCIÓN DEL TÍTULO POR AGENCIA CATALOGADORA
Título Cuatro puntos de vista sobre creación, evolución y diseño inteligente
Idioma del título original Inglés
245 00 - TÍTULO
Título del Material Four views on creation, evolution, and intelligent design
Mención de responsabilidad, etc. / Ken Ham, Hugh Ross, Deborah B. Haarsma, Stephen C. Meyer ; J. B. Stump, editor general
264 #1 - PRODUCCIÓN, PUBLICACIÓN, DISTRIBUCIÓN, MANUFACTURA, Y COPYRIGHT
Lugar de producción, publicación, distribución, manufactura Grand Rapids, Michigan :
Nombre del productor, publicador, distribuidor Zondervan,
Fecha de producción, publicación, distribución, manufactura, o copyright ℗[2017]
264 #4 - PRODUCCIÓN, PUBLICACIÓN, DISTRIBUCIÓN, MANUFACTURA, Y COPYRIGHT
Fecha de producción, publicación, distribución, manufactura, o copyright ©2017.
300 ## - DESCRIPCIÓN FÍSICA
Extensión 235 páginas :
Otros detalles físicos ilustraciones ;
Dimensiones 21cm.
336 ## - TIPO DE CONTENIDO
Término de tipo de contenido texto
Código de tipo de contenido txt
Fuente rdacontent.
337 ## - TIPO DE MEDIO
Nombre del tipo de medio sin mediación
Código del tipo de medio n
Fuente rdamedia.
338 ## - TIPO DE SOPORTE
Nombre del tipo de soporte volumen
Código Tipo de soporte nc
Fuente rdacarrier.
490 1# - MENCIÓN DE SERIE
Mención de serie Counterpoints.
505 ## - NOTA DE CONTENIDO
Nota de contenido con formato preestablecido Creacionismo de la tierra joven -- Creacionismo de la tierra antigua (progresivo) -- Creación evolutiva -- Diseño inteligente
650 #7 - ASIENTO SECUNDARIO DE MATERIA - TERMINO TEMÁTICO
Término temático o nombre geográfico como elemento de entrada Creación
9 (RLIN) 251
700 1# - ASIENTO SECUNDARIO - NOMBRE PERSONAL
Nombre personal Ross, Hugh,
Responsabilidad author.
700 1# - ASIENTO SECUNDARIO - NOMBRE PERSONAL
Nombre personal Haarsma, Deborah B.,
Responsabilidad author.
700 1# - ASIENTO SECUNDARIO - NOMBRE PERSONAL
Nombre personal Meyer, Stephen C.,
Responsabilidad author.
700 1# - ASIENTO SECUNDARIO - NOMBRE PERSONAL
Nombre personal Stump, J. B.,
Responsabilidad editor.
830 #0 - PUNTO DE ACCESO ADICIONAL DE SERIE - TÍTULO UNIFORME
Título uniforme Counterpoints.
Nombre de parte o sección de la obra Bible & theology.
942 ## - TIPO DE MATERIAL (KOHA)
Tipo de Item KOHA Libros General
Existencias
Estado de Material Estado de Perdido Forma de Clasificación Estado de Dañado No para Préstamo Colección Biblioteca de Origen Biblioteca Permanente Fecha de Adquisición Total de Préstamos Signatura Topográfica Código de Barras Última vez visto Última vez Préstado Ejemplar/Existencia Fecha de Remplazo Tipo de Material
    Dewey Decimal Classification     Colección General Biblioteca FUSBC Biblioteca FUSBC 14/03/2018 1 G 261.55 H198f 7919 24/03/2022 16/03/2022 Ej. 1 14/03/2018 Libros General

Biblioteca FUSBC | Teléfono: (57+4) 349 88 10 Ext. 141| WhatsApp (+57) 3005338115 
E-mail: biblioteca@unisbc.edu.co | Calle 76 87-14 Robledo Palenque, Medellín, Colombia

Con tecnología Koha